000 00543cam a2200193 i 4500
999 _c6546
_d6546
001 3710
003 BD-DhUAP
005 20210104094442.0
008 210104s1977 enka 000 1 eng
020 _a0207159920
040 _aDLC
_cDLC
_dBD-DhUAP
_beng
082 0 0 _a823.3 MOO
_223
100 1 _aMoorhouse, Frank.
245 1 0 _aTales of mystery and romance /
_cFrank Moorhouse.
260 _aLondon :
_bAngus & Robertson,
_cc1977.
300 _a147 pages ;
_c23 cm.
651 0 _aAustralia
_xSocial life and customs
_xFiction.
942 _2ddc
_cBK